Quizzes
Events
Quiz Creation
Community
Videos
Private Events
Remove Ads
Sign In
Join for FREE
Feedback
Dark Mode
Quiz Categories
Sports
Geography
Music
Movies
Television
Just For Fun
Miscellaneous
History
Literature
Language
Science
Gaming
Entertainment
Religion
Holiday
For Kids
Quiz Lab
Recent
Popular Today
Quiz Kudos Today
Editor Picks
Curator Picks
Quizzes by...
Day
Popularity
Type
Ratings
Length
Year
Community
Subscriptions
Recent Discussions
Orange Saloon
Badges
Playlists
Quests
Create
Leaderboards
Showdown
Live 5
Trivia Bingo
Activity
Puzzle Library
Sporcle Events
Private Events
Virtual Trivia
Globe League
Become a Host
Pub Owners
SporcleCon
Opinionation
Our Games
Videos
Blog
Mobile Apps
Partnerships
Remove Ads and Go Orange
Feedback
Science
Computer
Plants
Astronomy
Chemistry
Elements
Math
Animal
Physics
Anatomy
Biology
Geology
General Science
Science
Computer
Plants
Astronomy
Chemistry
Elements
Math
Animal
Physics
Anatomy
Biology
Geology
General Science
Random Quiz
Search Sporcle
×
Quiz Lab
Quiz Lab
Science
Animal
Type in answers that appear in a list
Type in answers that appear in a list
Classic
Best Score? Go Orange.
Extinct Animals A-Z Stats
Can you name the extinct animals for every letter of the alphabet?
By
Rhaini
10m
26 Questions
373 Plays
373 Plays
373 Plays
Comments
Comments
Give Quiz Kudos
Give Quiz Kudos
-
- Ratings
hide this ad
More Info
Replay
Link that replays current quiz
Next Quiz
Link to next quiz in quiz playlist
You Got
0%
They Got
Avg Score
20%
Avg Friend Score
Upgrade to see
Score Distribution
Jump to the score distribution portion of the page
Score
0/26
Timer
10:00
0
Plays Today
Letter
Animal
% Correct
D**
Dodo
82.3%
T**
Tasmanian Wolf
41.6%
B**
Bali Tiger
37.3%
Q**
Quagga
30.6%
G
Great Auk
27.9%
A**
Arabian Gazelle
22.8%
C**
Caspian Tiger
22.5%
S**
Stellar's Sea Cow
20.9%
M*
Mastodon
20.4%
J**
Java Tiger
19.8%
E**
English Wolf
19.3%
W*
Woolly Mammoth
19.3%
H
Haast's Eagle
18.5%
Letter
Animal
% Correct
I*
Irish Deer
18%
F*
Flores Cave Rat
16.1%
K
Kestrel (Reunion)
14.2%
L*
Lynx (Sardinian)
14.2%
P**
Pallas' Cormorant
12.9%
X*
Xenorhinotherium
12.1%
N
North American Capybara
11.5%
V
Vole (Gull Island)
11.5%
O**
Owl (Mauritius)
11%
R
Ratas Island Lizard
10.2%
Z*
Zeuglodon
8.8%
U**
Unio crassus (thick-shelled water mussel)
8.6%
Y*
Yukon Wild Horse
6.4%
Quiz Playlist
Details
Report
Send in Message
Add To Playlist
More Info:
* These animals died before the current era (a.k.a. BC). ** These animals were hunted to extinction by humans.
Classic:
Type in answers that appear in a list
Quiz Source
Last Updated: Feb 16, 2017
Quiz Scoreboard
CHALLENGE
Sign Up to Join the Scoreboard
Show All
Scores
Hide
Comments
May contain spoilers
Recently Published
Movies - When Are They Set?
by FPL_Elf
Movies
5m
Popular People in 1961
by mucciniale
History
6m
1-10 Letter E Words III
by El_Dandy
Language
2m
More to Explore
Quiz From the Vault
Featured Blog Post
Where Did the Easter Bunny Come From?
hide this ad
You Might Also Like...
Tags
Animal Quiz
A-Z
Extinct
Today's Top Quizzes in Science
Browse Science
hide this ad
Today's Top Quizzes in Animal
Browse Animal
Top Contributed Quizzes in Science
1
One Thing in Common: Science III
2
Quick Pick: 'CI-CJ' Animals
3
Quick Pick: Radians
4
One Thing in Common: Science
5
Sporcle Puzzle Hunt: Science
6
One Thing in Common: Science II
7
Elements In Images
8
Square Numbers Scrambled (1-50)
9
1 to 50
10
Glycolysis
Explore More
Trending Topics
Marvel
NBA
Crossword
Disney
Kpop
Anime
Harry Potter
Pokémon
Puzzle
Song
NFL
WWE
Country
Soccer
The Office
hide this ad
More By:
Rhaini
Quiz
Plays
Rating
Category
Featured
Created
Extinct Animals A-Z
373
2.25
Science
Aug 13, 2010
Rudolph Characters
163
Holiday
Dec 13, 2010
Greenest Cities
87
3.00
Science
Apr 23, 2010
Examen Final Vocabulario
30
1.00
Language
Sep 10, 2010
Go to Creator's Profile
Score Distribution
Quiz Creator Spotlight
Rhaini
Follow
Send a Message
Quizzes Created
-
Created Quiz Play Count
-
More By This Creator
Popular Quizzes Today
1
Find the US States - No Outlines Minefield
2
Find the Countries of Europe - No Outlines Minefield
3
The Countries of the World
4
Popular People in 1961
5
1-10 Letter E Words III
6
US States
7
Find the US States
8
One Thing in Common: World Cities II
More Science Quizzes
Click a Crucifer-pic!
Curator's Pick
Trending Quizzes
Risky Map Clicking: Least Populous States A-Z
1-10 Letter F Words
Humor Books: The Subtitles
1-10 Letter G Words
One Thing in Common: United Kingdom
Recently Updated
Leaping Animals
pecheneg
Reality TV Shows (A-Z)
bhenderson79
Rickey Henderson's Hall of Fame Teammates
pecheneg
Champions League XIs: Arsenal
pecheneg
Quick Pick: Celebrities in WWE's Hall of Fame
aduchscher
A-Z Keypad Blitz II
pecheneg
Multiple Oscar Actors
pecheneg
Mystery Phrase Blitz: Oscar 'Best Actors'
pecheneg
F. Scott Fitzgerald Novels
LTH
Pick 3 Villains
ddd62291
Trending Topics
Anime
Kpop
Disney
Marvel
Crossword
NBA
Harry Potter
WWE
Puzzle
Pokémon
The Office
Country
Song
Soccer
NFL
Your Account Isn't Verified!
In order to create a playlist on Sporcle, you need to verify the email address you used during registration. Go to your
Sporcle Settings
to finish the process.
Report this User
Report this user for behavior that violates our
Community Guidelines
.
Details:
Send Report
Go to the Sporcle.com Mobile Site →
Comments